| 000 | 01277nam a2200289 a 4500 | ||
|---|---|---|---|
| 005 | 20160826140523.0 | ||
| 008 | 140304b1998 ck |||||rm||| 00| 0 spa d | ||
| 040 |
_aCO-BoIAVH _cCO-BoIAVH |
||
| 041 | _aspa | ||
| 044 | _ack | ||
| 090 |
_aTE _b0085 |
||
| 100 | 1 | _aSarmiento Dueñas, Adriana Mercedes | |
| 245 | 1 | 0 | _aComposición y distribución de la fauna silvestre utilizada para cacería en la comunidad indígena Andoque y el asentamiento de Puerto Santander, Aracuara, medio río Caquetá Amazonia |
| 260 |
_aBogotá: _bPontificia Universidad Javeriana, Facultad de Ciencias, Carrera de Biología, _c1998. |
||
| 300 | _a149 páginas | ||
| 502 | _aTrabajo de grado para optar el título de Biólogo por la Universidad Javeriana | ||
| 650 | 1 | 4 |
_aDistribución geográfica _vtesis, disertaciones |
| 650 | 1 |
_aFauna silvestre _vtesis, disertaciones |
|
| 650 | 1 | 4 |
_aCacería _vtesis, disertaciones |
| 650 | 1 | 4 |
_aComunidad Andoke _vtesis, disertaciones |
| 650 | 1 | 4 |
_aConocimiento tradicional _vtesis, disertaciones |
| 650 | 1 | 4 |
_aInventarios _vtesis, disertaciones |
| 662 | _aColombia | ||
| 700 | 1 |
_aRodríguez, Carlos Alberto _eDirector |
|
| 700 | 1 |
_aJorgenson, Jeffrey _eCo-director |
|
| 942 |
_cTESIS _2z |
||
| 999 |
_c2047 _d2047 |
||